Análisis hidráulico de flujo transitorio en sistemas de conducción de plantas hidroeléctricas
Guardado en:
| Hovedforfatter: | |
|---|---|
| Format: | Bog |
| Sprog: | Spanish |
| Udgivet: |
[San José], Costa Rica
2012
|
| Fag: | |
| Tags: |
Tilføj Tag
Ingen Tags, Vær først til at tagge denne postø!
|
MARC
| LEADER | 00000nam a22000007a 4500 | ||
|---|---|---|---|
| 001 | 7450 | ||
| 003 | 012286 | ||
| 005 | 20221231143934.0 | ||
| 008 | 151112b2015 cr a|||| |||| 00| 0 spa d | ||
| 040 | |c cru CEDI | ||
| 100 | |9 2306 |a Zúñiga Villalobos Stephanie | ||
| 245 | |a Análisis hidráulico de flujo transitorio en sistemas de conducción de plantas hidroeléctricas | ||
| 260 | |a [San José], Costa Rica |c 2012 | ||
| 500 | |a Proyecto de graduación (licenciatura en ingeniería civil)--Universidad de Costa Rica. Facultad de Ingeniería. Escuela de Ingeniería Civil | ||
| 650 | |x ANALISIS NUMERICO |x TUBERIAS PARA AGUA |x SIMULACION POR COMPUTADORAS DIGITALES |9 2307 | ||
| 942 | |c BK | ||
| 999 | |c 14510 |d 14510 | ||
